| 000 | 00846nam a2200217 a 4500 | ||
|---|---|---|---|
| 003 | 0 | ||
| 005 | 20250206153731.0 | ||
| 008 | 130729s19uu xx 00 eng d | ||
| 050 |
_aPHS HQ 799.15 _b.L149 2013 |
||
| 100 | _aLacson, Nicole Vianz Q. | ||
| 245 |
_aParent-teen relationship and rebellion among the selected grade 11 students of S.I.S.C. / _cNicole Vianz Q. Lacson. |
||
| 260 |
_aLas PiƱas City, Philippines : _bSouthville International School and Colleges, _c2013. |
||
| 300 |
_a40 pages : _billustrations ; _c28 cm. |
||
| 504 | _aIncludes bibliographical references. | ||
| 650 |
_aParent and teenager _vPsychological aspects. |
||
| 650 |
_aParent-child relationships _vSocial aspects. |
||
| 650 |
_aTeenagers _vFamily relationships. |
||
| 650 | _aRebellion in adolescence. | ||
| 650 | _aAdolescent psychology. | ||
| 942 |
_2lcc _cPASS |
||
| 999 |
_c98923 _d98923 |
||